00295nam a2200109 a 4500008004100000050001800041100001900059245003200078260003400110350000900144650003200153120416s1970 ||||||||||||||||| || u aBF 205.N6 Kry aKryter, Karl D14aThe effects of noise on man aLondon:bAcademic Pressc1970 a0.00 aNOISE--PSYCHOLOGICAL EFFECT